Estatísticas para Mapa da Ásia Oriental

Clique aqui para jogar o quiz

Estatísticas Gerais

  • Esse quiz foi jogado 7 119 vezes
    (5 442 desde o último reset)
  • A pontuação média é 13 de 17

Respostas no mapa

Respostas codificadas por cores de uma escala verde-vermelha no mapa do quiz de acordo com a % correta abaixo.
Carregando ...
 

Estatísticas das Respostas

Resposta% Correto
China
97%
Coréia do Norte
95%
Coréia do Sul
94%
Japão
94%
Mongólia
92%
Indonésia
87%
Filipinas
82%
Taiwan
80%
Vietnã
74%
Malásia
73%
Tailândia
73%
Timor-Leste
73%
Camboja
71%
Laos
67%
Singapura
66%
Birmânia
65%
Brunei
65%

Distribuição das Pontuações

Percentil de Números Respondidos

Porcentagem de Pessoas com Cada Pontuação

Sua Pontuação Histórica

Você não jogou esse quiz desde o último reset